Ứng dụng phần mền Crocodile Physics vào thiết kế bài giảng phần quang hình học chương trình vật lý lớp 11 nâng cao.
Cơ sở lý luận của việc sử dụng phần mền Crocodile Physics trong dạy học vật lý. Phương pháp sử dụng phần mền Crocodile Physics ở trường THPT trong giảng dạy vật lý lớp 11. Thiết kế bài giảng phần quang hình học chương trình vật lý lớp 11 với sự hỗ trợ của phần mền Crocodile Physics...
Guardado en:
| Autor principal: | |
|---|---|
| Otros Autores: | |
| Formato: | Libro |
| Lenguaje: | Vietnamese |
| Publicado: |
Đại học Đà Nẵng
Trường đại học Sư Phạm
2008
|
| Colección: | Khóa luận tốt nghiệp đại học. Chuyên ngành: Sư phạm Lý
|
| Materias: | |
| Etiquetas: |
Agregar Etiqueta
Sin Etiquetas, Sea el primero en etiquetar este registro!
|
| Thư viện lưu trữ: | Mạng thư viện Đại học Đà Nẵng |
|---|
| LEADER | 01759nam a2200349 4500 | ||
|---|---|---|---|
| 001 | 000012176 | ||
| 003 | 8469 | ||
| 005 | 20120216110246.0 | ||
| 008 | 120216s2008 viesd | ||
| 041 | |a vie | ||
| 072 | |a Khóa luận tốt nghiệp | ||
| 082 | |a 535.32071 |b PH-S | ||
| 100 | |a Phạm, Phú Thanh Sơn | ||
| 245 | |a Ứng dụng phần mền Crocodile Physics vào thiết kế bài giảng phần quang hình học chương trình vật lý lớp 11 nâng cao. |c Phạm, Phú Thanh Sơn | ||
| 260 | |a Đại học Đà Nẵng |b Trường đại học Sư Phạm |c 2008 | ||
| 300 | |a 46 tr. |b hình mhọa |c 29 cm | ||
| 490 | |a Khóa luận tốt nghiệp đại học. Chuyên ngành: Sư phạm Lý | ||
| 500 | |a Tham khảo tr.46 | ||
| 520 | |a Cơ sở lý luận của việc sử dụng phần mền Crocodile Physics trong dạy học vật lý. Phương pháp sử dụng phần mền Crocodile Physics ở trường THPT trong giảng dạy vật lý lớp 11. Thiết kế bài giảng phần quang hình học chương trình vật lý lớp 11 với sự hỗ trợ của phần mền Crocodile Physics | ||
| 653 | |a Khóa luận tốt nghiệp đại học | ||
| 653 | |a Khoa Vật lý | ||
| 700 | |a Nguyễn, Hoàng Bảo Thanh |c TS |e Hướng dẫn | ||
| OWN | |a LSP | ||
| AVA | |a UDN50 |b LSP |d 535.32071 PH-S |e available |t Error 5001 Not defined in file expand_doc_bib_avail. |f 1 |g 0 |h N |i 0 |k 1 | ||
| 999 | |a From the UDN01 | ||
| AVA | |a UDN50 |b LSP |d 535.32071 PH-S |e available |t Error 5001 Not defined in file expand_doc_bib_avail. |f 1 |g 0 |h N |i 0 |k 1 | ||
| TYP | |a Monograph | ||
| TYP | |a Printed language | ||
| 980 | |a Mạng thư viện Đại học Đà Nẵng | ||